000 01155nam a2200241Ia 4500
999 _c53463
_d53463
001 20507
003 GE_BSU
005 20210111000030.0
008 181216s1958||||ge |||||||||||||| ||geo||
040 _cGE_BSU
041 _ageo
080 _a811.353.1'367.626(072) ს-51
100 _aსიმონიშვილი, თ.
_910029
245 _aნაცვალსახელის სწავლება სკოლაში /
_cთ. სიმონიშვილი ; რედ. მ. ჩინჩალაძე.
264 _aთბილისი :
_bცოდნა,
_c1958.
300 _a116 გვ. ;
_c22 სმ.
541 _h1ლ.6თ.
653 _aნაცვალსახელის სწავლება სკოლაში
653 _aქართული ენა
700 _aჩინჩალაძე, მ.
_eრედაქტორი
_910030
710 _aსაქართველოს სსრ განათლების სამინისტროს პედაგოგიურ მეცნიერო-საკვლევი ინსტიტუტი
_910031
942 _cBK
_2udc